Derecho, desarrollo y sistema multilateral del comercio (Registro nro. 1607)

Detalles MARC
000 -LEADER
fixed length control field 00882 a2200229 4500
001 - CONTROL NUMBER
control field 27545
005 - DATE AND TIME OF LATEST TRANSACTION
control field 20260407155550.0
008 - FIXED-LENGTH DATA ELEMENTS--GENERAL INFORMATION
fixed length control field 260407a2007 arg spa d
003 - CONTROL NUMBER IDENTIFIER
control field AR-UNSa-BCEJYS
040 ## - CATALOGING SOURCE
Original cataloging agency AR-UNSa-BCEJYS
Language of cataloging spa
Transcribing agency AR-UNSa-BCEJYS
080 ## - UNIVERSAL DECIMAL CLASSIFICATION NUMBER
Universal Decimal Classification number 34
Common auxiliary subdivision Derecho
020 ## - INTERNATIONAL STANDARD BOOK NUMBER
International Standard Book Number 978-85-87995-93-3
100 1# - MAIN ENTRY--PERSONAL NAME
Personal name Barral, Welber
245 10 - TITLE STATEMENT
Title Derecho, desarrollo y sistema multilateral del comercio
264 #1 - PRODUCTION, PUBLICATION, DISTRIBUTION, MANUFACTURE, AND COPYRIGHT NOTICE
Place of production, publication, distribution, manufacture Florianópolis :
Name of producer, publisher, distributor, manufacturer Boiteux
Date of production, publication, distribution, manufacture, or copyright notice 2007
300 ## - PHYSICAL DESCRIPTION
Extent 477 p.
Dimensions 23 cm.
505 ## - FORMATTED CONTENTS NOTE
Formatted contents note 1. Comercio internacional - 2. Propiedad intelectual - 3. Derechos humanos - 4. Integración regional - 5. Solución de disputas
590 ## - LOCAL NOTE (RLIN)
Local note niveau_biblio:m niveau_hierar:0
700 1# - ADDED ENTRY--PERSONAL NAME
Personal name Correa, Carlos
856 41 - ELECTRONIC LOCATION AND ACCESS
Uniform Resource Identifier <a href="https://biblioeco.unsa.edu.ar/pmb/images/libros/Derecho, Desarrollo y Sistema Multilateral del Comercio-l117935.jpg">https://biblioeco.unsa.edu.ar/pmb/images/libros/Derecho, Desarrollo y Sistema Multilateral del Comercio-l117935.jpg</a>
Link text Imagen de portada
Electronic format type image/jpeg
942 ## - ADDED ENTRY ELEMENTS (KOHA)
Koha item type
Existencias
Withdrawn status Lost status Damaged status Not for loan Home library Current library Shelving location Date acquired Total checkouts Full call number Barcode Date last seen Price effective from Koha item type
        Biblioteca Prof. Eusebio Cleto del Rey Biblioteca Prof. Eusebio Cleto del Rey   07/04/2026   34 B268 L117935 07/04/2026 07/04/2026 Libro